Redaccin̤ y publicacin̤ de artc̕ulos cientf̕icos enfoque discursivo /

Bibliographic Details
Main Author: Cisneros Estupiǹ̨, Mireya
Format: eBook
Language:Spanish
Published: Bogot:̀ ECOE, 2012
Subjects:
Online Access:Acceso restringido

MARC

LEADER 00000nam a22000007a 4500
005 20220217185933.0
007 cr|||| ||||
008 220217s2012 co |||||s|||| 00||0 spa d
020 |a 9789587717761 
035 |a 35887 
040 |a vLex 
090 |c 13022  |d 13022 
100 1 |a Cisneros Estupiǹ̨, Mireya 
245 1 0 |a  Redaccin̤ y publicacin̤ de artc̕ulos cientf̕icos  |h [Recurso electrn̤ico] :  |b enfoque discursivo /  |c Mireya Cisneros Estupiǹ̨ 
256 |a Servicio en ln̕ea 
260 |a Bogot:̀  |b ECOE,  |c 2012 
300 |a 1 recurso electrn̤ico 
506 1 |a Disponible solo en los productos indicados  |d vLex Global  |d vLex Global (Academic Edition, excluding Law Schools)  |d vLex Global (U.S. Academic Edition, Law Schools)  |d vLex Global (U.S. Academic Edition, excluding Law Schools)  |d vLex Global (Academic Edition, Law Schools) 
650 0 4 |a Ciencias sociales  |z Colombia 
740 0 |a vLex Libros (Servicio en ln̕ea) 
856 4 0 |u https://app.vlex.com/#/sources/35887  |z Acceso restringido 
942 |c BOOK 
999 0 |a Social Sciences